| 000 | 04183cam a2200469 i 4500 | ||
|---|---|---|---|
| 001 | GVRL81IU | ||
| 003 | MiFhGG | ||
| 005 | 20250820004431.0 | ||
| 006 | m o d | ||
| 007 | cr un ---uuuua | ||
| 008 | 171218t20192019paua ob 001 0 eng d | ||
| 020 |
_a9781522556886 _q(electronic book) |
||
| 020 |
_z9781522556879 _q(hardcover) |
||
| 035 | _a(OCoLC)1079937772 | ||
| 040 |
_aMiFhGG _beng _cMiFhGG _erda _epn |
||
| 050 | 4 |
_aHD60 _b.C74 2019 |
|
| 245 | 0 | 0 |
_aCreating business value and competitive advantage with social entrepreneurship / _cN. Oyku Iyigun, Istanbul Commerce University, Turkey, [editor]. |
| 264 | 1 |
_aHershey, Pennsylvania : _bBusiness Science Reference, an imprint of IGI Global, _c[2019] |
|
| 264 | 4 | _c�2019 | |
| 300 |
_a1 online resource (xx, 435 pages) : _billustrations (some color). |
||
| 336 |
_atext _btxt _2rdacontent |
||
| 337 |
_acomputer _bc _2rdamedia |
||
| 338 |
_aonline resource _bcr _2rdacarrier |
||
| 490 | 1 | _aPremier reference source | |
| 490 | 0 | _aGale eBooks | |
| 490 | 1 | _aAdvances in business strategy and competitive advantage (ABSCA) book series | |
| 490 | 0 | _aGale eBooks | |
| 504 | _aIncludes bibliographical references and index. | ||
| 505 | 0 | _ach. 1. Context of social entrepreneurship and background: definitions, related terms and characteristics / N. Oyku Iyigun -- ch. 2. Social value and sociological perspective on social entrepreneurship / Abdullah Yilmaz, Hande Ulukapi Yilmaz -- ch. 3. The social entrepreneur : personality traits and motivation factors in social entrepreneurship / Beliz Ulgen -- ch. 4. The individual and behavioral factors of social entrepreneurs / Mine Afacan Findikli, Ugur Yozgat -- ch. 5. Social innovation and social entrepreneurship / Muhsin F. Bayik -- ch. 6. Lean approach to social entrepreneurship / Adnan Veysel Ertemel -- ch. 7. Creating competitive advantage with social entrepreneurship / Murat Yalcintas -- ch. 8. Human resource management in social entrepreneurship / Burcu Kumbul Guler -- ch. 9. The social expat-preneur : examining a growing international career model supporting global social entrepreneurship / Charles M. Vance, Rebecca Bergin -- ch. 10. Performance measurement in social enterprises : social impact analysis / Ayla Zehra Oncer -- ch. 11. Utilizing social networks in social entrepreneurship / Nuray Atsan -- ch. 12. Social entrepreneurship for sustainable economic growth / Ebru Beyza Bayarcelik, Fulya Tasel -- ch. 13. Social entrepreneurial leadership for a better world / Muge Leyla Yildiz -- ch. 14. Towards cooperative with competitive alliance : insights into performance value in social entrepreneurship / Miftachul Huda [and six others] -- ch. 15. Social entrepreneurship : constraints and suggestions for future researches / Mustafa Karaca, Durdu Mehmet Bickes -- ch. 16. Value creation through social change : an Ashoka Fellow case / Nurgul Keles Taysir -- ch. 17. Public services procurement : third sector social enterprises perspectives / Chi Maher. | |
| 520 | _aThis scholarly resource examines the broad topic of social entrepreneurship by looking at relevant theoretical frameworks and fundamental terms. Focused on topics such as creating business value, promoting social entrepreneurship, and enacting programs of social change, it provides the latest research and practical solutions. For academicians, researchers, entrepreneurship practitioners, and individuals interested in learning more about social entrepreneurship. | ||
| 588 | _aDescription based on print version record. | ||
| 650 | 0 | _aSocial entrepreneurship. | |
| 650 | 0 | _aValue. | |
| 700 | 1 |
_aIyigun, N. Oyku, _d1981- _eeditor. |
|
| 710 | 2 | _aGale (Firm) | |
| 776 | 0 | 8 |
_iPrint version: _tCreating business value and competitive advantage with social entrepreneurship. _dHershey, PA : Business Science Reference, an imprint of IGI Global, [2019] _z9781522556879 _w(DLC) 2017051835 |
| 830 | 0 | _aPremier reference source. | |
| 830 | 0 | _aAdvances in business strategy and competitive advantage. | |
| 856 | 4 | 0 |
_uhttps://link.gale.com/apps/pub/81IU/GVRL?sid=gale_marc&u=phurs _zAvailable via Gale eBooks. Click here to access |
| 912 | _a81IU | ||
| 942 |
_2lcc _cE-BOOK |
||
| 999 |
_c84225 _d84223 |
||